Foreign Cities of America Quiz Stats

 Plays Quiz not verified by Sporcle

Challenge
Share
Tweet
Embed
Score 0/24 Timer 10:00
1 Play Today
% Correct
Paris
97.4%
Athens
97.4%
Rome
96.2%
London
96.2%
Berlin
95.5%
Moscow
94%
Vienna
93.2%
Warsaw
92.1%
Milan
91.4%
Amsterdam
90.6%
Madrid
90.6%
Cairo
86.8%
% Correct
Prague
85.3%
Oslo
84.6%
Stockholm
82%
Lima
81.6%
Copenhagen
77.1%
Thebes
73.7%
Toronto
70.7%
Montreal
68.4%
Bombay
52.2%
San Marino
47.7%
Delhi
46.3%
Singapore
18.8%

You're not logged in!

Compare scores with friends on all Sporcle quizzes.
Join for Free
OR
Log In

You Might Also Like...

Show Comments

Extras

Top Quizzes Today


Score Distribution

Your Account Isn't Verified!

In order to create a playlist on Sporcle, you need to verify the email address you used during registration. Go to your Sporcle Settings to finish the process.

Report this User

Report this user for behavior that violates our Community Guidelines.

Details: